000 00677nam a22002537a 4500
999 _c10468
_d10468
001 10468
003 BD-JhCC
005 20180430104025.0
008 180430b1966 as ||||| |||| 00| 0 eng d
035 _a(BD-JhCC)10468
040 _aBD-JhCC
_dBD-JhCC
041 _aeng
082 _a823.8
_bFRA 1966
100 _aFrank H., M. A. Thompson,
245 _aJude the obscure : notes /
_cThompson, Frank H., M. A.
250 _a24
260 _aLincoln :
_bNeb. : Cliff's Notes,
_c1966.
300 _a67 p. :
_c22 cm.
650 _aJude the obscure (Hardy, Thomas)
650 _aHardy, Thomas, 1840-1928
650 _aExaminations
942 _2ddc
_cREF